000 00866nam a2200229 u 4500
001 000280492
003 AM-YeHGA
005 20250618071835.0
008 031010s1963 ai r 000 0 arm d
040 _aAM-YeHGA
041 0 _aarm
100 1 _aՏեր-Գրիգորյան, Աշոտ Երեմի,
_d1927-1988
_92455
245 1 0 _aՄայրենի լեզու :
_bԴասագիրք 2-րդ դաս. համար /
_cԱ.Ե. Տեր-Գրիգորյան, Ս.Խ. Օհանյան, Ն.Դ. Մազմանյան.
250 _a7-րդ հրատ.
260 _aԵրևան :
_bՀայպետուսմանկհրատ,
_c1963.
300 _a228 էջ :
_bնկ. ;
_c23 սմ.
650 1 4 _aՀայոց լեզու
650 1 4 _aՄայրենի լեզու
_94523
700 1 _aՕհանյան, Սուրեն Խուրշուդի
700 1 _aՄազմանյան, Նազիկ Դավթի
090 _c103873
999 _c102554
_d102554